000 00295nam a2200121 a 4500
001 4144
005 20140414131947.0
008 090317s19uu xx 00 eng d
050 _aTR 372.4
_bM38 2003
100 _aMasonis, Tracy
245 _aReading, writing, & math. Grade 1.
999 _c112712
_d112712